000 00448nam a2200169Ia 4500
008 230917s9999||||xx |||||||||||||| ||und||
020 _cGBP32.99
040 _e248930
_aMAIN
041 _aEnglish
082 _a647.94068 W85H
100 _aWood, Roy C, ed.
245 0 _aHotel accommodation management
260 _aLondon
_bRoutledge
_c2018
300 _aix, 209 p.
500 _a3198 24/07/2018 HBD18/7505 05/10/2018 IHTM (SFS)
942 _cBK
999 _c27502
_d27502